| 000 | 00871na a2200277 4500 | ||
|---|---|---|---|
| 001 | 17037 | ||
| 003 | MIRAKIL | ||
| 005 | 20181213154745.0 | ||
| 008 | 161021b tu 000 0 | ||
| 020 | _a9786055813116 | ||
| 040 |
_aMilas _btur _cTR-AnCHP |
||
| 041 | _atur | ||
| 082 |
_a304.25 _bL95a 2008 |
||
| 090 | _a304.25 L95a 2008 | ||
| 100 | _aLynas, Mark | ||
| 245 |
_a6 derece _bher bir derecelik ısınmanın bedeli _cMark Lynas; İngilizceden çevirenler: Duygu Akın, Kutlukhan Kutlu, Aysun Yavuz |
||
| 260 |
_aİstanbul _bNTV yayınları _c2008 |
||
| 300 |
_axv, 277 s. _c23 sm. |
||
| 500 | _aEserin özgün adı: Six degress our future on a hotter planet | ||
| 504 | _aDizin (270-277) var. | ||
| 650 |
_aKüresel ısınma _xİklim değişikliği |
||
| 700 | _aYavuz, Aysun | ||
| 700 | _aKutlu, Kutluhan | ||
| 700 | _aAkın, Duygu | ||
| 942 |
_2ddc _cBKS |
||
| 999 |
_c346 _d346 |
||